1135 1620 1328 1904 1505 1572 1553 1911 1142 1319 1620 1628 1895 1829 1259 1307 1760 1963 1338 1176 1133 1065 1747 1852 1217 1903 1582 1620 1269 1803 1477 1924 1036 1326 1752 1218 1250 1571 1260 1886 1593 1315 1319 1653 1382 1115 1565 1096 1926 1977 1925 1562 1478 1171 1554 1217 1845 1323 1466 1752 1431 1707 1907 1598 1226 1509 1769 1325 1202 1986 1554 1905 1734 1563 1202 1047 1181 1630 1557 1920 1801 1934 1499 1816 1756 1459 1003 1710 1590 1938 1587 1426 1739 1857 1283 1079 1205 1654 1272 BCNSPRNW ULIB Ver.6.0+V

เปลี่ยนเป็นภาษาไทย

Change to English
 แสดงรายละเอียดบรรณานุกรม
  กลับหน้าหลัก

Brief Record : Get Marc (ISO 2709) : E-mail record : QR code < ปิดหน้าต่าง
LEADER : 00000nam 2200000uu 4500
001    13399108109
003     ULIB
008    110217s2552||||th 000 0 tha d
020    9786115510153(ล.1)
060 04 WL100^bณ259B ล.1 2552
245 00 Basic and clinical neuroscience 1 /^cบรรณาธิการ, ณัฐพสุธารชาติ, อรอุมา ชุติเนตร, นิจศรี ชาญณรงค์
250    พิมพ์ครั้งที่ 1
260    กรุงเทพฯ :^bสาขาวิชาประสาทวิทยา ภาควิชาอายุรศาสตร์คณะแพทยศาสตร์ จุฬาลงกรณ์มหาวิทยาลัย,^c2552
300    356 หน้า :^bภาพประกอบ ;^c26 ซม.
650  7 ประสาทวิทยา
650  7 ประสาทวิทยาศาสตร์
700 0  ณัฐ พสุธารชาติ,^eบรรณาธิการ
700 0  อรอุมา ชุติเนตร,^eบรรณาธิการ
700 0  นิจศรี ชาญณรงค์,^eบรรณาธิการ
710 2  จุฬาลงกรณ์มหาวิทยาลัย. ^bคณะแพทยศาสตร์.^bภาควิชาอายุรศาสตร์. ^bสาขาวิชาประสาทวิทยา
945    ^p350^l0^i028952
945    ^p350^l0^i028951
945    ^p350^l0^i028880
945    ^p350^l0^i028879
945    ^p350^l0^i028878
945    ^p350^l0^i028877
945    ^p350^l0^i028875
945    ^p350^l0^i028609
945    ^p350^l0^i028503
945    ^p350^l0^i027926
945    ^p350^l0^i028950
945    ^p350^l0^i028608
945    ^p350^l0^i027925
995    ทศพร
999 ^a ใช้งานได้ทุกระบบ
รายการนี้ยังไม่มีแท็ก
คุณยังไม่ได้ล็อกอิน คุณสามารถมีกิจกรรมร่วมกับเว็บไซต์ได้ แต่ต้องล็อกอินก่อน ::
  ล็อกอิน

รายการสื่อสารสนเทศ

ลำดับที่ ประเภท เลขเรียก/บาร์โค้ด สถานที่ สถานะ
- ไม่พบข้อมูล -

รายการใกล้เคียง
    หัวเรื่อง [ประสาทวิทยา]
    หัวเรื่อง [ประสาทวิทยาศาสตร์]

BibComment


ยังไม่เคยถูกคอมเมนท์

คอมเมนท์ทรัพยากรรายการนี้
  คอมเมนท์: Basic and clinica..


 Copyright 2026. Bcnsprnw @Library